Top 5 comuni più popolosi per provincia - Lazio - Statistics

Statistiche generali
  • Questo quiz è stato fatto 90 volte
  • Il punteggio medio è 15 su 25
Statistiche sulle risposte
Provincia Comuni N° abitanti % Corretto
Frosinone Frosinone 43.454
100%
Latina Latina 127.486
100%
Roma Roma 2.754.719
100%
Rieti Rieti 45.273
98%
Viterbo Viterbo 66.241
96%
Fiumicino 82.506
89%
Guidonia Montecelio 89.411
85%
Aprilia 74.572
81%
Cassino 35.039
81%
Pomezia 64.617
81%
Anzio 59.355
74%
Terracina 44.651
66%
Civita Castellana 15.175
62%
Sora 24.825
62%
Tarquinia 15.985
55%
Fondi 39.709
43%
Alatri 27.639
38%
Fara in Sabina 13.853
34%
Poggio Mirteto 6.167
32%
Ceccano 22.215
28%
Cittaducale 6.411
23%
Montefiascone 13.007
15%
Borgorose 4.202
13%
Forma 36.937
8%
Vellatra 13.361
4%
Nessun quiz corrispondente trovato
Distribuzione punteggi
Percentuale di utenti per punteggio
Percentile per numero di risposta
I tuoi punteggi nel tempo
Non hai fatto questo quiz